|
|
|
|
| LEADER |
01066nam a22002537a 4500 |
| 001 |
AAL4179 |
| 003 |
BD-DhAAL |
| 005 |
20160313143853.0 |
| 008 |
160313s 2003bg ||||| |||| 00| 0 ben d |
| 020 |
|
|
|a 9848102276
|
| 040 |
|
|
|a BD-DhAAL
|c BD-DhAAL
|
| 082 |
|
|
|a 382/.03
|
| 100 |
|
|
|a তৌসিফ, মুনীর
|9 18456
|
| 245 |
|
|
|a অর্থ- বাণিজ্য শব্দকোষ /
|c মুনীর তৌসিফ
|
| 250 |
|
|
|a 1st ed.
|
| 260 |
|
|
|a ঢাকা :
|b সূচীপত্র,
|c ২০০৩
|
| 300 |
|
|
|a ৩১৯ পৃ. ;
|c ২২ সে.মি.
|
| 541 |
|
|
|e 4179
|
| 650 |
|
|
|a International trade
|v Dictionaries.
|9 18457
|
| 852 |
|
|
|a Savar Campus Library
|b General Shelf
|
| 942 |
|
|
|2 ddc
|c BK
|
| 999 |
|
|
|c 37088
|d 37088
|
| 952 |
|
|
|0 0
|1 0
|2 ddc
|4 0
|6 382_000000000000000__03_TOU
|7 0
|9 58344
|a SCL
|b SCL
|c GEN
|d 2016-03-13
|g 200.00
|l 0
|o 382.03 TOU
|p 3020004179
|r 2016-03-13
|t 1
|w 2016-03-13
|y BK
|
| 952 |
|
|
|0 0
|1 0
|2 ddc
|4 0
|6 382_000000000000000__03_TOU
|7 0
|9 58345
|a SCL
|b SCL
|c GEN
|d 2016-03-13
|g 200.00
|l 0
|o 382.03 TOU
|p 3020004322
|r 2016-03-13
|t 2
|w 2016-03-13
|y BK
|